Raymond Martin v Medina Housing Association Ltd (Record no. 77108)

MARC details
000 -LEADER
fixed length control field 01981cab a2200277 4500
001 - CONTROL NUMBER
control field ##L133603
008 - FIXED-LENGTH DATA ELEMENTS--GENERAL INFORMATION
fixed length control field 060522n2006 000 0 eng u
035 ## - SYSTEM CONTROL NUMBER
System control number (Sirsi) u133603
041 0# - LANGUAGE CODE
Language code of text/sound track or separate title eng
245 00 - TITLE STATEMENT
Title Raymond Martin v Medina Housing Association Ltd
260 ## - PUBLICATION, DISTRIBUTION, ETC.
Date of publication, distribution, etc. 2006
520 ## - SUMMARY, ETC.
Summary, etc. [2006] EWCA Civ 367, 31 March 2006. Considers whether a tenant can later exercise the right to buy when he had earlier expressly abandoned his right to buy and had not acquired any equitable interest in the property. Appeal by MA against a decision refusing his application for an injunction requiring ME to convey to him its freehold interest in a property of which he was the tenant. MA proposed to exercise the right to buy the property 13 years after the notice claiming the right to buy had been served, a right disputed by ME. "Held": appeal dismissed. A withdrawal of a right to buy notice within the meaning of the 1985 Act had to be in writing. In the instant case there been an express abandonment on MA's part generated by the serving of the notice under s122 and MA and his mother had expressly released themselves from their obligations under Part V of the Act. It was proven that in 1990 MA had no equitable interest in the property.
650 24 - SUBJECT ADDED ENTRY--TOPICAL TERM
Topical term or geographic name entry element HOUSING ACT 1985 S122(3)
650 24 - SUBJECT ADDED ENTRY--TOPICAL TERM
Topical term or geographic name entry element HOUSING ACT 1985 S122
650 24 - SUBJECT ADDED ENTRY--TOPICAL TERM
Topical term or geographic name entry element HOUSING ACT 1985 S123
650 24 - SUBJECT ADDED ENTRY--TOPICAL TERM
Topical term or geographic name entry element HOUSING ACT 1985 S138(1)
650 24 - SUBJECT ADDED ENTRY--TOPICAL TERM
Topical term or geographic name entry element HOUSING ACT 1985 PART V
650 24 - SUBJECT ADDED ENTRY--TOPICAL TERM
Topical term or geographic name entry element MARTIN V MEDINA HOUSING ASSOCIATION LTD
650 24 - SUBJECT ADDED ENTRY--TOPICAL TERM
Topical term or geographic name entry element DANCE V WELWYN HATFIELD
650 24 - SUBJECT ADDED ENTRY--TOPICAL TERM
Topical term or geographic name entry element COLLIN V DUKE OF WESTMINSTER AND ANOTHER
650 24 - SUBJECT ADDED ENTRY--TOPICAL TERM
Topical term or geographic name entry element LAW OF PROPERTY ACT 1925 S53(1)
651 #4 - SUBJECT ADDED ENTRY--GEOGRAPHIC NAME
Geographic name England and Wales
Chronological subdivision 1543-
690 ## - LOCAL SUBJECT ADDED ENTRY--TOPICAL TERM (OCLC, RLIN)
Topical term or geographic name as entry element PROPERTY-RESIDENTIAL PROPERTY-LEASEHOLD RESIDENTIAL PROPERTY-RESIDENTIAL LANDLORD AND TENANT-RESIDENTIAL LEASES-RESIDENTIAL LEASEHOLD ENFRANCHISEMENT
856 40 - ELECTRONIC LOCATION AND ACCESS
Uniform Resource Identifier <a href="https://www.bailii.org/ew/cases/EWCA/Civ/2006/367.html">https://www.bailii.org/ew/cases/EWCA/Civ/2006/367.html</a>
Public note View the judgment free of charge at www.bailii.org...
942 ## - ADDED ENTRY ELEMENTS (KOHA)
Suppress in OPAC 0
Holdings
Withdrawn status Lost status Source of classification or shelving scheme Damaged status Not for loan Home library Current library Shelving location Date acquired Total Checkouts Full call number Barcode Date last seen Copy number Price effective from Koha item type
    Dewey Decimal Classification     Virtual Virtual Online 22/05/2006   ONLINE PUBLICATION 133603-2001 06/08/2019 1 06/08/2019 Law report